[Event "Luxembourg-chT 9899"]
[Site "Luxembourg"]
[Date "1998.11.22"]
[Round "4"]
[White "Trum, Lionel"]
[Black "Schroeder, Bernard"]
[Result "0-1"]
[WhiteElo "1790"]
[BlackElo "1895"]
[PlyCount "50"]
[EventDate "1998.10.08"]
[EventType "team"]
[EventRounds "10"]
[EventCountry "LUX"]
[SourceTitle "EXT 2005"]
[Source "ChessBase"]
[SourceDate "2004.11.15"]
[SourceVersion "1"]
[SourceVersionDate "2004.11.15"]
[SourceQuality "1"]

1. e4 c5 2. Nc3 d6 3. f4 Nc6 4. Nf3 Nf6 5. Bc4 e6 6. d3 a6 7. a3 b5 8. Ba2 Be7 9. 0-0 0-0 10. h3 Bb7 11. Be3 Qc7 12. g4 b4 13. axb4 cxb4 14. Na4 d5 15. exd5 Nxd5 16. Bxd5 exd5 17. Qd2 d4 18. Nxd4 Nxd4 19. Bxd4 Qc6 20. Qh2 Rfe8 21. b3 Bh4 22. Bf2 Re2 23. Nb2 Bg3 24. Bxg3 Rxh2 25. Bxh2 Qg2# 0-1

[Event "Abihome-A"]
[Site "Brussels"]
[Date "1995.10.??"]
[Round "3"]
[White "Schroeder, Bernard"]
[Black "Pedersen, Nicolai Vesterbaek"]
[Result "0-1"]
[WhiteElo "1850"]
[BlackElo "2300"]
[PlyCount "50"]
[EventDate "1995.10.28"]
[EventType "swiss (rapid)"]
[EventRounds "11"]
[EventCountry "BEL"]
[SourceTitle "EXT 2015"]
[Source "ChessBase"]
[SourceDate "2014.11.20"]
[SourceVersion "1"]
[SourceVersionDate "2014.11.20"]
[SourceQuality "1"]

1. e4 e5 2. Nf3 Nc6 3. d4 exd4 4. Nxd4 Nf6 5. Nxc6 bxc6 6. Bd3 d5 7. Bg5 Be7 8. Nd2 Nxe4 9. Bxe7 Qxe7 10. Bxe4 dxe4 11. Qe2 Bf5 12. 0-0 0-0 13. Rfe1 Rfe8 14. Qe3 c5 15. f3 Qe5 16. c3 Rab8 17. b3 Bg6 18. Nxe4 f5 19. Qxc5 fxe4 20. Qe3 Rbd8 21. f4 Qf6 22. Rad1 Rd3 23. Qxa7 Rxd1 24. Rxd1 Qxc3 25. Qb7 e3 0-1